| 000 | 01207namaa22002411 4500 | ||
|---|---|---|---|
| 001 | 173983 | ||
| 003 | ES-MaACL | ||
| 005 | 20250824053636.0 | ||
| 008 | 100204s1899 sp |||| | spa d | ||
| 100 | 1 |
_aLuceño, Tomás. _974566 |
|
| 245 | 1 | 0 |
_aDon Lúcas del Cigarral _b: zarzuela en tres actos y en verso / _crefundición de la comedia de D. Francisco de Rojas [Zorrilla] "Entre bobos anda el juego", libro de Tomás Luceño y Carlos Fernández Shaw ; música del maestro Amadeo Vives. |
| 250 | _a2ª ed. | ||
| 260 |
_aMadrid : _bSociedad de Autores Españoles : _bArregui y Aruej, _c1899 ( _fR. Velasco) |
||
| 300 |
_a102 p., 1 h. ; _c20 cm. |
||
| 490 | 1 | _aBiblioteca lírico-dramática y teatro cómico | |
| 500 | _aEs solo la letra. | ||
| 500 | _aEn port.: Estrenada en el teatro de Parish el 18 de febrero de 1899. | ||
| 700 | 1 |
_aFernández-Shaw, Carlos, _d1865-1911 _950098 |
|
| 700 | 1 |
_aVives, Amadeo, _d1871-1932 _9115566 |
|
| 830 | 0 | 0 |
_aBiblioteca lirico-dramática y teatro cómico _9188056 |
| 852 |
_aES-MaACL _jF-8638(1) _z.- Enc. pasta española _z.- Enc. en un vol. facticio formando parte de la col. facticia "Teatro español moderno", vol. 93 |
||
| 999 |
_c173983 _d173983 |
||